F1 Drivers From The 2000's - Statistics

General Stats
  • This quiz has been taken 40 times
    27 since last reset
  • The average score is 74 of 125
Answer Stats
hint Answer % Correct
Aston Martin 2025 Fernando Alonso
96%
Mercedes 2012 Michael Schumacher
96%
Toyota 2007 Ralf Schumacher
96%
Aston Martin 2022 Sebastian Vettel
96%
Williams 2025 Carlos Sainz
92%
Aston Martin 2025 Lance Stroll
92%
Ferrari 2025 Lewis Hamilton
92%
Red Bull 2025 Max Verstappen
92%
Haas 2022 Mick Schumacher
92%
Kick 2025 Nico Hulkenburg
92%
Kick 2024 Valterri Bottas
92%
Ferrari 2025 Charles Leclerc
88%
Haas 2025 Esteban Ocon
88%
Alpine 2025 Franco Colapinto
88%
Mclaren 2025 Lando Norris
88%
Vcarb 2025 Liam Lawson
88%
Mclaren 2025 Oscar Piastri
88%
Alfa Romeo 2021 Robert Kubica
88%
Red bull 2024 Sergio Perez
88%
Red Bull 2025 Yuki Tsunoda
88%
Williams 2025 Alexander Albon
83%
Vcarb 2024 Daniel Ricciardo
83%
Mercedes 2025 George Russell
83%
Vcarb 2025 Isack Hadjar
83%
Mclaren 2016 Jenson Button
83%
Minardi 2003 Jos Verstappen
83%
Haas 2024 Kevin Magnussen
83%
Mercedes 2025 Kimi Antonelli
83%
Haas 2025 Oliver Bearman
83%
Alpine 2025 Pierre Gasly
83%
Kick 2024 Zhou Guanyu
83%
Kick 2025 Gabriel Bortoleto
79%
Alfa Romeo 2021 Kimi Raikkonen
79%
Alpine 2025 Jack Doohan
75%
Williams 2024 Logan Sargeant
75%
Red Bull 2013 Mark Webber
75%
Williams 2022 Nicholas Latifi
75%
Mercedes 2016 Nico Rosberg
75%
Haas 2020 Romain Grosjean
75%
Williams 2017 Felipe Massa
71%
Haas 2021 Nikita Mazepin
71%
Marussia 2012 Timo Glock
71%
Alfa Romeo 2021 Antonio Giovinazzi
67%
Alpha Tauri 2020 Daniil Kvyat
67%
Red bull 2008 David Coulthard
67%
Jaguar 2003 Eddie Irvine
67%
Caterham 2013 Giedo Van Der Garde
67%
STR 2011 Jaime Alguersuari
67%
Alpha Tauri 2023 Nyck De Vries
67%
Super Aguri 2008 Takuma Sato
67%
Sauber 2014 Adrian Sutil
63%
Williams 2012 Bruno Senna
63%
Haas 2016 Esteban Gutierrez
63%
Ferrari 2009 Giancarlo Fisichella
63%
Renault 2017 Jolyon Palmer
63%
Marussia 2014 Jules Bianchi
63%
Caterham 2014 Kamui Kobayashi
63%
Sauber 2018 Marcus Ericsson
63%
Lotus 2015 Pastor Maldonado
63%
Honda 2008 Rubens Barrichello
63%
Mclaren 2018 Stoffel Vandoorne
63%
Caterham 2012 Vitaly Petrov
63%
HRT 2011 Vitantonio Liuzzi
63%
Lotus 2013 Heikki Kovalainen
58%
Toro Rosso 2014 Jean Eric Vergne
58%
Mclaren 2006 Juan Pablo Montoya
58%
Mclaren 2001 Mika Hakkinen
58%
Sauber 2017 Pascal Wehrlein
58%
Haas 2020 Pietro Fittipaldi
58%
STR 2011 Sebastien Buemi
58%
Williams 2018 Sergey Sirotkin
58%
Manor 2015 Alexander Rossi
54%
Toro Rosso 2018 Brendon Hartley
54%
Sauber 2016 Felipe Nasr
54%
Sauber 2003 Heinz Harald Frentzen
54%
Williams 2020 Jack Aitkin
54%
Lotus 2011 Jarno Trulli
54%
Williams 2009 Kazuki Nakajima
54%
Ferrari 2009 Luca Badoer
54%
Renault 2009 Nelson Piquet Jr.
54%
Force India 2013 Paul Di Resta
54%
STR 2007 Scott Speed
54%
Super Agari 2006 Yuji Ide
54%
HRT 2012 Narain Karthikeyan
50%
Manor 2016 Rio Haryanto
50%
Manor 2015 Will Stevens
50%
Caterham 2013 Charles Pic
46%
Jaguar 2000 Johnny Herbert
46%
Marussia 2014 Max Chilton
46%
Totyota 2003 Olivier Panis
46%
Jordan 2003 Ralp Firman
46%
Williams 2007 Alexander Wurz
42%
Minardi 2002 ALex Yoong
42%
Super Aguri 2008 Anthony Davidson
42%
Williams 2005 Antonio Pizzonia
42%
HRT 2010 Christian Klien
42%
Jordan 2001 Jean Alesi
42%
Lotus 2011 Karun Chandhok
42%
Williams 2004 Marc Gene
42%
Toyota 2002 Mika Salo
42%
Manor 2015 Roberto Merhi
42%
Spyker 2007 Christijan Albers
38%
Lotus 2012 Jerome D'Ambrosio
38%
RBR 2006 Robert doornbos
38%
MF1 2006 Tiago Monteiro
38%
Toyota 2002 Allan Mcnish
33%
Toyota 2004 Cristiano Da Matta
33%
Arrows 2002 Enrique Bernoldi
33%
Minardi 2000 Gaston Mazzacane
33%
Sauber 2000 Pedro Diniz
33%
Minardi 2004 Zsolt Baumgartner
33%
Minardi 2004 Gianmaria Bruni
29%
Jaguar 2000 Luciano Burti
29%
Minardi 2005 Patrick Friesacher
29%
Super Agari 2006 Franck Montagny
25%
HRT 2012 Pedro De Le Rosa
25%
Toyota 2004 Ricardo Zonta
21%
Jordan 2004 Giorgio Pantano
17%
Minardi 2003 Nicolas Kiesa
17%
Jaguar 2003 Justin Wilson
13%
Renault 2011 Nick Heidfield
13%
Manor 2016 Jordan King
4%
Sauber 2006 Jacque Villnueve
0%
HRT 2010 Sakon Yamahoto
0%
STR 2009 Sebastien Bourdias
0%
No matching quizzes found
Score Distribution
Percent of People with Each Score
Percentile by Number Answered
Your Score History
You have not taken this quiz since the last reset